[Event "GER-ch Blitz (Women)"]
[Site "Munich"]
[Date "2025.05.24"]
[Round "15"]
[White "Braeuer, Vanessa"]
[Black "Sickmann, Lisa"]
[Result "0-1"]
[WhiteElo "1948"]
[BlackElo "1970"]
[PlyCount "70"]
[EventDate "2025.05.24"]
[EventType "tourn (blitz)"]
[EventRounds "29"]
[EventCountry "GER"]
[SourceTitle "CB22_2025"]
[SourceDate "2025.05.28"]
[SourceVersion "1"]
[SourceVersionDate "2025.05.28"]
[SourceQuality "1"]

1. e4 c5 2. Nf3 e6 3. c4 Nc6 4. Nc3 d6 5. d4 cxd4 6. Nxd4 Nf6 7. f4 Be7 8. Be2 0-0 9. 0-0 a6 10. Kh1 Qc7 11. b3 b6 12. Bb2 Bb7 13. Bf3 Rad8 14. Nxc6 Bxc6 15. Qe2 Nd7 16. f5 Ne5 17. fxe6 fxe6 18. Bg4 Bd7 19. Bh3 a5 20. Qh5 Bf6 21. Rad1 Rde8 22. a4 Nxc4 23. Nb5 Bxb5 24. Bxf6 Rxf6 25. Rxf6 gxf6 26. axb5 Ne3 27. Re1 Rc8 28. Bxe6+ Kg7 29. h3 Qc3 30. Qf7+ Kh6 31. Qxf6+ Qxf6 32. Bxc8 Qf2 33. Rg1 Qg3 34. Bb7 Ng4 35. hxg4 Qh4# 0-1

[Event "GER-ch Blitz (Women)"]
[Site "Munich"]
[Date "2025.05.24"]
[Round "20"]
[White "Bursan, Ana Maria"]
[Black "Sickmann, Lisa"]
[Result "0-1"]
[WhiteElo "1896"]
[BlackElo "1970"]
[PlyCount "96"]
[EventDate "2025.05.24"]
[EventType "tourn (blitz)"]
[EventRounds "29"]
[EventCountry "GER"]
[SourceTitle "CB22_2025"]
[SourceDate "2025.05.28"]
[SourceVersion "1"]
[SourceVersionDate "2025.05.28"]
[SourceQuality "1"]

1. e4 c5 2. Nc3 Nc6 3. Nge2 e6 4. g3 d5 5. exd5 exd5 6. d4 Nf6 7. Bg2 Be6 8. 0-0 Be7 9. Re1 0-0 10. dxc5 Bxc5 11. Nf4 Bg4 12. Qd3 d4 13. Na4 Bb4 14. Bd2 Bxd2 15. Qxd2 Qd6 16. h3 Bf5 17. b3 Rac8 18. Rad1 Nb4 19. c4 b5 20. Qxd4 Qxd4 21. Rxd4 bxa4 22. bxa4 Nc2 23. Red1 Nxd4 24. Rxd4 Rfd8 25. Nd5 Nxd5 26. Bxd5 Be6 27. Kg2 Bxd5+ 28. cxd5 Rd6 29. Kf3 f5 30. g4 fxg4+ 31. hxg4 Rcd8 32. Ke4 Kf7 33. f4 g6 34. a5 Re8+ 35. Kf3 h5 36. gxh5 gxh5 37. Kg3 Kg6 38. a3 Kf5 39. Kh4 Re4 40. Rd2 Rxf4+ 41. Kh3 Ke5 42. Rc2 Rxd5 43. Rc7 Rd3+ 44. Kg2 h4 45. Rxa7 h3+ 46. Kh2 Rf2+ 47. Kg1 Rg2+ 48. Kf1 Rd1# 0-1

[Event "GER-ch Blitz (Women)"]
[Site "Munich"]
[Date "2025.05.24"]
[Round "25"]
[White "Sickmann, Lisa"]
[Black "Anissimova, Mariya"]
[Result "1-0"]
[WhiteElo "1970"]
[BlackElo "1925"]
[PlyCount "93"]
[EventDate "2025.05.24"]
[EventType "tourn (blitz)"]
[EventRounds "29"]
[EventCountry "GER"]
[SourceTitle "CB22_2025"]
[SourceDate "2025.05.28"]
[SourceVersion "1"]
[SourceVersionDate "2025.05.28"]
[SourceQuality "1"]

1. e4 c5 2. Nf3 Nc6 3. d4 cxd4 4. Nxd4 e5 5. Nb5 d6 6. c4 a6 7. N5c3 Be7 8. Nd5 f5 9. Nbc3 f4 10. g3 fxg3 11. hxg3 Nf6 12. Be3 Be6 13. Bb6 Qd7 14. Nc7+ Kf7 15. Nxa8 Rxa8 16. Bg2 Bg4 17. f3 Be6 18. Nd5 Bxd5 19. cxd5 Nd8 20. Qb3 Rc8 21. 0-0 Qb5 22. Qxb5 axb5 23. Rac1 Rxc1 24. Rxc1 Ke8 25. Bh3 h5 26. Rc8 g5 27. Bf5 g4 28. f4 exf4 29. gxf4 Nd7 30. Bxd8 Bxd8 31. Bg6+ Ke7 32. Bxh5 g3 33. Kg2 Nc5 34. Bf3 Kd7 35. Bg4+ Ke7 36. Bf5 Na4 37. Kxg3 Nxb2 38. Rb8 b6 39. Rb7+ Ke8 40. Bg6+ Kf8 41. e5 Nc4 42. e6 Be7 43. f5 Ne3 44. f6 Bxf6 45. Rf7+ Kg8 46. Rxf6 Nxd5 47. Rf7 1-0

[Event "GER-ch Blitz (Women)"]
[Site "Munich"]
[Date "2025.05.24"]
[Round "8"]
[White "Sickmann, Lisa"]
[Black "Braeutigam, Katerina"]
[Result "1-0"]
[WhiteElo "1970"]
[BlackElo "2143"]
[PlyCount "60"]
[EventDate "2025.05.24"]
[EventType "tourn (blitz)"]
[EventRounds "29"]
[EventCountry "GER"]
[SourceTitle "CB22_2025"]
[SourceDate "2025.05.28"]
[SourceVersion "1"]
[SourceVersionDate "2025.05.28"]
[SourceQuality "1"]

1. e4 c6 2. d4 d5 3. Nc3 dxe4 4. Nxe4 Nf6 5. Nxf6+ exf6 6. c3 Bd6 7. Bd3 0-0 8. Ne2 Re8 9. 0-0 Nd7 10. Qc2 Nf8 11. Bd2 Qc7 12. h3 Ng6 13. c4 Be6 14. c5 Bf8 15. f4 f5 16. Ng3 Rad8 17. Nxf5 Bxf5 18. Bxf5 Rxd4 19. b4 Red8 20. Rad1 Qe7 21. Bc1 Qh4 22. Rxd4 Rxd4 23. Qc3 Rd5 24. Be4 Rd8 25. Re1 Ne7 26. Qf3 Nd5 27. Bxd5 Rxd5 28. Re8 Rd1+ 29. Qxd1 Qg3 30. Qd8 Qe1+ 1-0

[Event "GER-ch Blitz (Women)"]
[Site "Munich"]
[Date "2025.05.24"]
[Round "19"]
[White "Sickmann, Lisa"]
[Black "Heutling, Elina"]
[Result "1-0"]
[WhiteElo "1970"]
[BlackElo "1996"]
[PlyCount "101"]
[EventDate "2025.05.24"]
[EventType "tourn (blitz)"]
[EventRounds "29"]
[EventCountry "GER"]
[SourceTitle "CB22_2025"]
[SourceDate "2025.05.28"]
[SourceVersion "1"]
[SourceVersionDate "2025.05.28"]
[SourceQuality "1"]

1. e4 c5 2. Nf3 d6 3. d4 cxd4 4. Nxd4 Nf6 5. Nc3 a6 6. f4 e6 7. Qf3 Qc7 8. f5 Nc6 9. Nxc6 Qxc6 10. fxe6 Bxe6 11. Bg5 Be7 12. Bd3 h6 13. Be3 b5 14. 0-0 Rc8 15. Ne2 d5 16. e5 Nd7 17. Qg3 g6 18. Nd4 Qc7 19. Nxe6 fxe6 20. Qxg6+ Kd8 21. Qxe6 Qxe5 22. Qxe5 Nxe5 23. Bd4 Bd6 24. Rf5 Re8 25. Raf1 Nxd3 26. cxd3 Rc2 27. Rxd5 Kd7 28. Rdf5 Ree2 29. R5f2 Kc6 30. Rxe2 Rxe2 31. Rc1+ Kd5 32. Bc3 b4 33. Bg7 Bc5+ 34. Kh1 Bd4 35. Bxd4 Kxd4 36. h3 Rxb2 37. Rc6 Rxa2 38. Rc4+ Kxd3 39. Rxb4 a5 40. Rb6 a4 41. Rxh6 a3 42. Ra6 Ra1+ 43. Kh2 Kc2 44. h4 Kb2 45. h5 Rc1 46. Rb6+ Kc2 47. Rc6+ Kd2 48. Ra6 Rc3 49. h6 Rc7 50. Rxa3 Rh7 51. Rh3 1-0

[Event "GER-ch Blitz (Women)"]
[Site "Munich"]
[Date "2025.05.24"]
[Round "2"]
[White "Sickmann, Lisa"]
[Black "Malinowsky, Celina"]
[Result "1-0"]
[WhiteElo "1970"]
[BlackElo "1742"]
[PlyCount "49"]
[EventDate "2025.05.24"]
[EventType "tourn (blitz)"]
[EventRounds "29"]
[EventCountry "GER"]
[SourceTitle "CB22_2025"]
[SourceDate "2025.05.28"]
[SourceVersion "1"]
[SourceVersionDate "2025.05.28"]
[SourceQuality "1"]

1. e4 c5 2. Nf3 e6 3. Be2 a6 4. 0-0 Qc7 5. c3 b6 6. d4 cxd4 7. cxd4 Bb7 8. Nc3 Nf6 9. Bd3 d6 10. Bg5 Be7 11. Rc1 Qd7 12. Qb3 b5 13. a4 bxa4 14. Nxa4 Nxe4 15. Nb6 Qd8 16. Bxe4 Bxe4 17. Rc8 Bxg5 18. Rxd8+ Bxd8 19. Nxa8 Bxa8 20. Qxb8 0-0 21. Qxa8 Bf6 22. Qxa6 h6 23. Qxd6 Ra8 24. b4 Re8 25. b5 1-0

[Event "German Masters (Women)"]
[Site "Munich"]
[Date "2025.05.15"]
[Round "1"]
[White "Sickmann, Lisa"]
[Black "Sieber, Fiona"]
[Result "1/2-1/2"]
[WhiteElo "1970"]
[BlackElo "2232"]
[PlyCount "80"]
[EventDate "2025.05.15"]
[EventType "tourn"]
[EventRounds "9"]
[EventCountry "GER"]
[SourceTitle "CB22_2025"]
[SourceDate "2025.05.28"]
[SourceVersion "1"]
[SourceVersionDate "2025.05.28"]
[SourceQuality "1"]

1. e4 e5 2. Nf3 Nc6 3. Bb5 a6 4. Ba4 Nge7 5. 0-0 Ng6 6. d4 exd4 7. c3 dxc3 8. Nxc3 Be7 9. Be3 0-0 10. Rc1 d6 11. Nd5 Bd7 12. Nd4 Nxd4 13. Bxd7 c6 14. Qxd4 cxd5 15. Bf5 dxe4 16. Bxe4 Rb8 17. Qd5 Qd7 18. Bb6 Bd8 19. Ba7 Ra8 20. Be3 Rb8 21. Ba7 Ra8 22. Be3 Rb8 23. Rfd1 Bf6 24. b3 Qe7 25. Bxg6 hxg6 26. Qxd6 Qxd6 27. Rxd6 Rfc8 28. Rxc8+ Rxc8 29. g3 Rd8 30. Rxd8+ Bxd8 31. Bc5 f5 32. Kf1 Kf7 33. Ke2 g5 34. f3 Ke6 35. Kd3 Kd5 36. Bd4 g6 37. g4 Be7 38. h3 Bd8 39. Bc3 Be7 40. Bd4 Bd8 1/2-1/2

[Event "Titled Tuesday intern op 25th Feb Early"]
[Site "Chess.com INT"]
[Date "2025.02.25"]
[Round "2"]
[White "Sickmann, Lisa"]
[Black "Reprintsev, Alexander"]
[Result "1-0"]
[WhiteElo "2208"]
[BlackElo "2232"]
[PlyCount "79"]
[EventDate "2025.02.25"]
[EventType "swiss (blitz)"]
[EventRounds "11"]
[EventCountry "USA"]
[SourceTitle "CB10_2025"]
[SourceDate "2025.03.05"]
[SourceVersion "1"]
[SourceVersionDate "2025.03.05"]
[SourceQuality "1"]

1. d4 d5 2. c4 e5 3. dxe5 d4 4. Nf3 Nc6 5. a3 g6 6. b4 Bg7 7. Bb2 Nh6 8. Nbd2 Ng4 9. Nb3 Ngxe5 10. Nxe5 Nxe5 11. Bxd4 0-0 12. e3 Bg4 13. Be2 Bxe2 14. Qxe2 Qe7 15. 0-0 b6 16. Rac1 Rfd8 17. Rfd1 h5 18. c5 Qe6 19. Qb2 Re8 20. Qc3 Qg4 21. Kf1 Rad8 22. h3 Qf5 23. Kg1 Bf8 24. cxb6 cxb6 25. Rd2 Rc8 26. Qb2 Rxc1+ 27. Qxc1 b5 28. Qb2 Nc4 29. Qc3 Nxd2 30. Nxd2 Rc8 31. Qb3 Qc2 32. Qxc2 Rxc2 33. Ne4 Ra2 34. Bxa7 Rxa3 35. Bc5 Bxc5 36. bxc5 Ra1+ 37. Kh2 Rc1 38. Kg3 b4 39. Nd2 Rxc5 40. Kf4 1-0

[Event "Titled Tuesday intern op 11th Feb Early"]
[Site "Chess.com INT"]
[Date "2025.02.11"]
[Round "5"]
[White "Sickmann, Lisa"]
[Black "Bruhovich, Olexandr"]
[Result "0-1"]
[WhiteElo "2208"]
[BlackElo "2208"]
[PlyCount "76"]
[EventDate "2025.02.11"]
[EventType "swiss (blitz)"]
[EventRounds "11"]
[EventCountry "USA"]
[SourceTitle "CB09_2025"]
[SourceDate "2025.02.27"]
[SourceVersion "1"]
[SourceVersionDate "2025.02.27"]
[SourceQuality "1"]

1. e4 c5 2. Nf3 d6 3. d4 cxd4 4. Nxd4 Nf6 5. Nc3 a6 6. f3 e5 7. Nb3 Be7 8. Be3 Be6 9. Qd2 Nbd7 10. 0-0-0 b5 11. g4 0-0 12. g5 Nh5 13. h4 Nb6 14. Be2 Ng3 15. Rhg1 Nxe2+ 16. Qxe2 Nc4 17. Bf2 Rc8 18. Rg2 Qc7 19. h5 Nxb2 20. Nxb5 axb5 21. Kxb2 Qc3+ 22. Kb1 Ra8 23. Be1 Qc6 24. g6 fxg6 25. hxg6 h6 26. c3 Ra3 27. Nc1 Rfa8 28. Rf2 Bg5 29. Bd2 Bxd2 30. Qxd2 Rxc3 31. Qxd6 Qc4 32. Nb3 Re8 33. Rc1 Rxc1+ 34. Nxc1 b4 35. Rc2 Qb5 36. Qc6 Qb8 37. Qc7 Qb5 38. Qc5 Qf1 0-1

[Event "Titled Tuesday intern op 11th Feb Early"]
[Site "Chess.com INT"]
[Date "2025.02.11"]
[Round "6"]
[White "Zaichenko, Daria"]
[Black "Sickmann, Lisa"]
[Result "1-0"]
[WhiteElo "2104"]
[BlackElo "2208"]
[PlyCount "55"]
[EventDate "2025.02.11"]
[EventType "swiss (blitz)"]
[EventRounds "11"]
[EventCountry "USA"]
[SourceTitle "CB09_2025"]
[SourceDate "2025.02.27"]
[SourceVersion "1"]
[SourceVersionDate "2025.02.27"]
[SourceQuality "1"]

1. e4 e5 2. Nf3 Nc6 3. Bc4 Bc5 4. d3 Nf6 5. c3 0-0 6. Bb3 a6 7. Nbd2 d6 8. 0-0 Ba7 9. h3 h6 10. Re1 Be6 11. Bc2 Re8 12. Nf1 d5 13. Qe2 d4 14. Ng3 dxc3 15. bxc3 Qd7 16. Nh4 Bxh3 17. gxh3 Qxh3 18. Nhf5 Ng4 19. d4 Qh2+ 20. Kf1 exd4 21. Qxg4 g6 22. Nxh6+ Kf8 23. Ba3+ Ne7 24. Qf4 f5 25. exf5 g5 26. Qxg5 Qh3+ 27. Kg1 c5 28. Qf6# 1-0

[Event "Titled Tuesday intern op 14th Jan Early"]
[Site "Chess.com INT"]
[Date "2025.01.14"]
[Round "6"]
[White "Kopjonkin, Kirill"]
[Black "Sickmann, Lisa"]
[Result "0-1"]
[WhiteElo "2314"]
[BlackElo "2249"]
[PlyCount "166"]
[EventDate "2025.01.14"]
[EventType "swiss (blitz)"]
[EventRounds "11"]
[EventCountry "USA"]
[SourceTitle "CB04_2025"]
[SourceDate "2025.01.22"]
[SourceVersion "1"]
[SourceVersionDate "2025.01.22"]
[SourceQuality "1"]

1. e4 c6 2. d4 d5 3. Nc3 dxe4 4. Nxe4 Nf6 5. Nxf6+ exf6 6. Be3 Bd6 7. Bd3 Nd7 8. Ne2 Nb6 9. c4 Bb4+ 10. Kf1 0-0 11. a3 Be7 12. f3 Be6 13. Qc2 g6 14. Kf2 Qd7 15. h4 Rac8 16. h5 f5 17. hxg6 fxg6 18. Rh2 Bd6 19. g3 Qf7 20. b3 Be7 21. Rah1 Bf6 22. Nf4 Bd7 23. a4 Qg7 24. Ne2 Rce8 25. a5 Nc8 26. Qc1 g5 27. Rxh7 Qxh7 28. Rxh7 Kxh7 29. g4 Kg7 30. Bxg5 fxg4 31. Bh6+ Kf7 32. Bxf8 Rxf8 33. fxg4 Bxg4 34. Qf4 Be6 35. Ng3 Ke7 36. Ke2 Nd6 37. c5 Ne8 38. Qe4 Nc7 39. Bc4 Kd7 40. Bxe6+ Nxe6 41. Nf5 Re8 42. Kd3 Nxc5+ 43. dxc5 Rxe4 44. Kxe4 Ke6 45. Ne3 Bc3 46. Nc4 Bb4 47. Kd4 a6 48. Nd6 Bxa5 49. Nxb7 Bc7 50. Kc4 Ke5 51. Kb4 Kd5 52. Ka4 Kd4 53. b4 Kc4 54. Na5+ Kd5 55. Nb3 Kc4 56. Nd2+ Kd3 57. Nb3 Kc4 58. Na5+ Kd5 59. Nb7 Ke6 60. Kb3 Kd5 61. Kc3 Ke6 62. Kc4 Kd7 63. Kd4 Kc8 64. Nd6+ Kd7 65. Nc4 Ke6 66. Ke4 Kf6 67. Nb6 Ke6 68. Nc8 Kd7 69. Na7 Bd8 70. Kd4 Bc7 71. Kc4 Bd8 72. Kb3 Bc7 73. Ka4 Bd8 74. Kb3 Kc7 75. Ka3 Kb7 76. Nxc6 Kxc6 77. Ka4 Bc7 78. Kb3 Kb5 79. Kc3 Be5+ 80. Kb3 Bf4 81. Ka3 Bd2 82. Kb3 Bxb4 83. c6 Bd6 0-1

[Event "Titled Tuesday intern op 14th Jan Early"]
[Site "Chess.com INT"]
[Date "2025.01.14"]
[Round "10"]
[White "Sickmann, Lisa"]
[Black "Deveci, Huseyin Said"]
[Result "1-0"]
[WhiteElo "2249"]
[BlackElo "2225"]
[PlyCount "81"]
[EventDate "2025.01.14"]
[EventType "swiss (blitz)"]
[EventRounds "11"]
[EventCountry "USA"]
[SourceTitle "CB04_2025"]
[SourceDate "2025.01.22"]
[SourceVersion "1"]
[SourceVersionDate "2025.01.22"]
[SourceQuality "1"]

1. d4 Nf6 2. c4 c5 3. d5 b5 4. cxb5 a6 5. bxa6 e6 6. Nc3 exd5 7. Nxd5 Be7 8. Nf3 Nc6 9. e3 0-0 10. Bc4 Bxa6 11. Bxa6 Rxa6 12. 0-0 Re8 13. b3 Nxd5 14. Qxd5 Bf6 15. Rb1 Qe7 16. a4 Nb4 17. Qc4 d5 18. Qb5 h6 19. Ba3 Re6 20. Bxb4 cxb4 21. Qxd5 Bc3 22. Nd4 Rg6 23. Nf5 Qf6 24. Ng3 Re5 25. Qa8+ Kh7 26. Rfd1 Rg4 27. Rd8 h5 28. Rh8+ Kg6 29. h3 Rxg3 30. fxg3 Rxe3 31. Qg8 Rxg3 32. Qh7+ Kg5 33. Qxh5+ Kf4 34. Rf1+ Ke3 35. Rxf6 Bxf6 36. Re8+ Kd3 37. Qe2+ Kc3 38. Qc4+ Kb2 39. Re2+ Kb1 40. Qc2+ Ka1 41. Qa2# 1-0

[Event "Titled Tuesday intern op 14th Jan Early"]
[Site "Chess.com INT"]
[Date "2025.01.14"]
[Round "7"]
[White "Sickmann, Lisa"]
[Black "Needleman, Gaston"]
[Result "1-0"]
[WhiteElo "2249"]
[BlackElo "2429"]
[PlyCount "79"]
[EventDate "2025.01.14"]
[EventType "swiss (blitz)"]
[EventRounds "11"]
[EventCountry "USA"]
[SourceTitle "CB04_2025"]
[SourceDate "2025.01.22"]
[SourceVersion "1"]
[SourceVersionDate "2025.01.22"]
[SourceQuality "1"]

1. d4 Nf6 2. c4 c5 3. d5 b5 4. cxb5 a6 5. bxa6 g6 6. Nc3 Bxa6 7. Nf3 Bg7 8. g3 0-0 9. Bg2 d6 10. 0-0 Nbd7 11. Re1 Nb6 12. e4 Qd7 13. e5 Ne8 14. e6 fxe6 15. dxe6 Qc8 16. Bg5 Bf6 17. Bh6 Bg7 18. Bxg7 Nxg7 19. Ng5 Bb7 20. Nd5 Nxd5 21. Bxd5 Bxd5 22. Qxd5 Rf5 23. Qd2 Qb7 24. Nf7 Kf8 25. Nh6 Rf6 26. Qc3 Rb8 27. b3 Qb4 28. Qb2 c4 29. Re4 d5 30. Rh4 Qd6 31. Nf7 Qxe6 32. Ng5 Qf5 33. Nxh7+ Kf7 34. Nxf6 Qxf6 35. Rf4 Nf5 36. Qxf6+ exf6 37. bxc4 Rb4 38. cxd5 Rxf4 39. gxf4 Nd4 40. a4 1-0

[Event "Titled Tuesday intern op 14th Jan Early"]
[Site "Chess.com INT"]
[Date "2025.01.14"]
[Round "11"]
[White "Tikhonov, Viacheslav"]
[Black "Sickmann, Lisa"]
[Result "1-0"]
[WhiteElo "2183"]
[BlackElo "2249"]
[PlyCount "57"]
[EventDate "2025.01.14"]
[EventType "swiss (blitz)"]
[EventRounds "11"]
[EventCountry "USA"]
[SourceTitle "CB04_2025"]
[SourceDate "2025.01.22"]
[SourceVersion "1"]
[SourceVersionDate "2025.01.22"]
[SourceQuality "1"]

1. e4 e5 2. Nf3 Nc6 3. Bc4 Bc5 4. d4 exd4 5. Ng5 d5 6. Bxd5 Nh6 7. Nxf7 Nxf7 8. Bxf7+ Kxf7 9. Qh5+ g6 10. Qxc5 Be6 11. 0-0 Qe7 12. Qb5 Rab8 13. c3 Qd6 14. Qd3 Rbd8 15. Bh6 Ne5 16. Qg3 Bc4 17. Rd1 d3 18. Bf4 Rhe8 19. Nd2 Ba6 20. Kh1 Kg8 21. Nf3 Qb6 22. Bxe5 Qxb2 23. Qf4 Re6 24. Bd4 c5 25. Bxc5 d2 26. Bd4 Be2 27. Qh6 Rxd4 28. Nxd4 Bxd1 29. Rxd1 1-0

[Event "BL 2425 (Women)"]
[Site "Germany"]
[Date "2024.11.16"]
[Round "1.6"]
[White "Sickmann, Lisa"]
[Black "Heinemann, Josefine"]
[Result "1/2-1/2"]
[WhiteElo "2123"]
[BlackElo "2314"]
[PlyCount "52"]
[EventDate "2024.11.16"]
[EventType "team-tourn"]
[EventRounds "11"]
[EventCountry "GER"]
[SourceTitle "CB48_2024"]
[SourceDate "2024.11.28"]
[SourceVersion "1"]
[SourceVersionDate "2024.11.28"]
[SourceQuality "1"]
[WhiteTeam "Hamburger SK (W)"]
[BlackTeam "Baden-Baden (W)"]
[WhiteTeamCountry "GER"]
[BlackTeamCountry "GER"]

1. e4 c5 2. Nf3 d6 3. d4 cxd4 4. Nxd4 Nf6 5. Nc3 a6 6. f4 e5 7. Nb3 Be7 8. fxe5 dxe5 9. Qxd8+ Bxd8 10. Be3 Nbd7 11. Be2 b6 12. 0-0-0 Bb7 13. Bf3 Bc7 14. g4 h6 15. h4 0-0-0 16. g5 hxg5 17. hxg5 Rxh1 18. Rxh1 Ne8 19. Bg4 Nd6 20. Rh7 Nxe4 21. Rxg7 Nd6 22. Na4 Nc4 23. Bf2 Bc6 24. Be2 Bd5 25. Nc3 Be6 26. g6 Rf8 1/2-1/2

[Event "Leer op"]
[Site "Leer"]
[Date "2024.11.01"]
[Round "4"]
[White "Sickmann, Lisa"]
[Black "Popvasilev, Kalojan"]
[Result "1/2-1/2"]
[WhiteElo "2123"]
[BlackElo "2231"]
[PlyCount "65"]
[EventDate "2024.10.31"]
[EventType "swiss"]
[EventRounds "7"]
[EventCountry "GER"]
[SourceTitle "CB45_2024"]
[Source "ChessBase"]
[SourceDate "2024.11.06"]
[SourceVersion "1"]
[SourceVersionDate "2024.11.06"]
[SourceQuality "1"]

1. e4 c5 2. Nf3 d6 3. d4 Nf6 4. Nc3 cxd4 5. Nxd4 Nc6 6. Bg5 e6 7. Qd3 Bd7 8. Ndb5 Nb4 9. Qd1 Qb8 10. Bf4 e5 11. Bg5 a6 12. Bxf6 gxf6 13. Na3 b5 14. Nab1 Bg7 15. a3 Nc6 16. Nd5 f5 17. Nbc3 0-0 18. exf5 Bxf5 19. g4 Bg6 20. Bg2 Ra7 21. h4 b4 22. axb4 Nxb4 23. Nxb4 Qxb4 24. h5 e4 25. hxg6 Qxb2 26. gxh7+ Kh8 27. 0-0 Qxc3 28. Qxd6 e3 29. fxe3 Qxe3+ 30. Kh1 Rd7 31. Qxd7 Qh6+ 32. Kg1 Qe3+ 33. Rf2 1/2-1/2

[Event "Muensterland op 41st"]
[Site "Muenster"]
[Date "2024.10.16"]
[Round "6"]
[White "Kummerow, Heiko"]
[Black "Sickmann, Lisa"]
[Result "0-1"]
[WhiteElo "2074"]
[BlackElo "1965"]
[PlyCount "73"]
[EventDate "2024.10.12"]
[EventType "swiss"]
[EventRounds "9"]
[EventCountry "GER"]
[SourceTitle "CB43_2024"]
[Source "Chessbase"]
[SourceDate "2024.10.23"]
[SourceVersion "1"]
[SourceVersionDate "2024.10.23"]
[SourceQuality "1"]

1. e4 e5 2. Nf3 Nc6 3. Bb5 a6 4. Ba4 Nf6 5. d3 d6 6. c3 g6 7. 0-0 Bg7 8. Re1 0-0 9. Nbd2 b5 10. Bc2 Bb7 11. a4 Nb8 12. d4 Nbd7 13. Qe2 bxa4 14. Rxa4 exd4 15. cxd4 Re8 16. Qd3 d5 17. e5 Ne4 18. Qf1 f5 19. exf6 Ndxf6 20. Nb3 Qd6 21. Ra5 Qb4 22. Ne5 c5 23. Nd3 Qc4 24. Nbxc5 Qxc2 25. Nxb7 Qc7 26. f3 Qxb7 27. fxe4 Nxe4 28. Be3 Nd6 29. Bf2 Nf5 30. Ne5 Nxd4 31. Nd3 Nb3 32. Nc5 Nxc5 33. Rxc5 Rf8 34. Qd3 Rad8 35. Bd4 Qb4 36. Rd1 Rde8 37. Bf2 0-1

[Event "Muensterland op 41st"]
[Site "Muenster"]
[Date "2024.10.15"]
[Round "5"]
[White "Sickmann, Lisa"]
[Black "Rott, Georg"]
[Result "1-0"]
[WhiteElo "1965"]
[BlackElo "2104"]
[PlyCount "115"]
[EventDate "2024.10.12"]
[EventType "swiss"]
[EventRounds "9"]
[EventCountry "GER"]
[SourceTitle "CB43_2024"]
[Source "Chessbase"]
[SourceDate "2024.10.23"]
[SourceVersion "1"]
[SourceVersionDate "2024.10.23"]
[SourceQuality "1"]

1. e4 e6 2. d4 d5 3. e5 c5 4. c3 Nc6 5. Nf3 Bd7 6. Bd3 Rc8 7. 0-0 cxd4 8. Re1 dxc3 9. Nxc3 a6 10. Be3 Nge7 11. Na4 d4 12. Nxd4 Nxd4 13. Bxd4 Bxa4 14. Qxa4+ Nc6 15. Rac1 Qd7 16. Be4 Be7 17. Red1 0-0 18. Bc5 Qe8 19. Bd6 Bxd6 20. exd6 Qd7 21. Bxc6 Rxc6 22. Rxc6 Qxc6 23. Qxc6 bxc6 24. Rc1 Rc8 25. d7 Rd8 26. Rxc6 Kf8 27. Rc8 Ke7 28. Rxd8 Kxd8 29. Kf1 Kxd7 30. Ke2 Kd6 31. Kd3 Kc5 32. Kc3 a5 33. b3 e5 34. g4 f6 35. a3 g6 36. Kd3 f5 37. g5 Kb5 38. Kc3 Kc5 39. h3 Kb5 40. f3 Kc5 41. b4+ axb4+ 42. axb4+ Kb5 43. h4 Kb6 44. Kc4 Kc6 45. b5+ Kb6 46. Kd5 e4 47. fxe4 f4 48. Kc4 Ka5 49. Kd3 Kxb5 50. Ke2 Kc5 51. Kf3 Kd6 52. Kxf4 Ke6 53. Kf3 Kd6 54. Ke2 Kc6 55. Kd3 Kc5 56. Kc3 Kd6 57. Kd4 Ke6 58. e5 1-0

[Event "Muensterland op 41st"]
[Site "Muenster"]
[Date "2024.10.12"]
[Round "1"]
[White "Sickmann, Lisa"]
[Black "Junk, Phillip"]
[Result "0-1"]
[WhiteElo "1965"]
[BlackElo "2111"]
[PlyCount "168"]
[EventDate "2024.10.12"]
[EventType "swiss"]
[EventRounds "9"]
[EventCountry "GER"]
[SourceTitle "CB43_2024"]
[Source "Chessbase"]
[SourceDate "2024.10.23"]
[SourceVersion "1"]
[SourceVersionDate "2024.10.23"]
[SourceQuality "1"]

1. e4 c6 2. d4 d5 3. Nc3 dxe4 4. Nxe4 Nf6 5. Nxf6+ exf6 6. c3 Bd6 7. Bd3 0-0 8. Ne2 Re8 9. 0-0 Nd7 10. Ng3 g6 11. Bh6 Bf8 12. Qd2 f5 13. Rfe1 Rxe1+ 14. Rxe1 Nf6 15. Bxf8 Qxf8 16. Qg5 Kg7 17. Nxf5+ Bxf5 18. Bxf5 Re8 19. Re3 h6 20. Qg3 Nh5 21. Qf3 Rxe3 22. fxe3 gxf5 23. Qxh5 Qe7 24. Qf3 Qe6 25. b3 Qe7 26. Qg3+ Kh7 27. Qe5 Qh4 28. Qxf5+ Kg7 29. g3 Qd8 30. e4 b5 31. b4 a5 32. Qc5 axb4 33. cxb4 Qa8 34. d5 cxd5 35. Qd4+ f6 36. Qxd5 Qa4 37. Qb3 Qa7+ 38. Kg2 Qd4 39. Kf3 Qg1 40. Qc2 h5 41. Qf2 Qb1 42. a3 Qd3+ 43. Kg2 Qxe4+ 44. Qf3 Qe5 45. g4 hxg4 46. Qxg4+ Kf7 47. Qd7+ Kg6 48. Qd3+ Kf7 49. h4 Qf4 50. Kh3 f5 51. Qe2 Kf6 52. Qb2+ Kg6 53. Qg2+ Kf6 54. h5 Qe3+ 55. Kh2 Qe5+ 56. Kg1 Qe1+ 57. Kh2 Qh4+ 58. Qh3 Qxh3+ 59. Kxh3 Kg5 60. Kg3 Kxh5 61. Kf4 Kg6 62. Ke3 Kf6 63. Kd4 f4 64. Ke4 Kg5 65. a4 bxa4 66. b5 a3 67. b6 a2 68. b7 a1Q 69. b8Q Qe1+ 70. Kd3 Kg4 71. Qg8+ Kf3 72. Qa8+ Kf2 73. Qa2+ Kf1 74. Qf7 Qe3+ 75. Kc2 f3 76. Qh5 Qe4+ 77. Kd2 Qe2+ 78. Kc1 Kg1 79. Qg4+ Qg2 80. Qd4+ f2 81. Qe3 Qg4 82. Qb6 Qe4 83. Qa7 Kg2 84. Qg7+ Kf3 0-1

[Event "GER-chT Lands U20"]
[Site "Tuebingen"]
[Date "2024.10.05"]
[Round "5"]
[White "Bursan, Ana Maria"]
[Black "Sickmann, Lisa"]
[Result "0-1"]
[WhiteElo "1769"]
[BlackElo "1946"]
[PlyCount "60"]
[EventDate "2024.10.03"]
[EventType "team-swiss"]
[EventRounds "7"]
[EventCountry "GER"]
[SourceTitle "CB47_2024"]
[SourceDate "2024.11.20"]
[SourceVersion "1"]
[SourceVersionDate "2024.11.20"]
[SourceQuality "1"]

1. e4 e5 2. Nc3 Nc6 3. f4 exf4 4. Nf3 g5 5. g3 g4 6. Nh4 f3 7. d4 d6 8. Be3 Nf6 9. Qd2 d5 10. e5 Ne4 11. Nxe4 dxe4 12. 0-0-0 Qd5 13. a3 b5 14. Bh6 Be6 15. h3 Rd8 16. Bxf8 Rxf8 17. hxg4 Nxd4 18. Nf5 Bxf5 19. gxf5 c6 20. Kb1 Nxf5 21. Qxd5 Rxd5 22. Rxd5 cxd5 23. Bxb5+ Ke7 24. Rxh7 e3 25. Kc1 Nxg3 26. Rg7 Rh8 27. c4 e2 28. cxd5 e1Q+ 29. Kc2 Rh2+ 30. Kb3 Qxe5 0-1

[Event "GER-chT Lands U20"]
[Site "Tuebingen"]
[Date "2024.10.04"]
[Round "3"]
[White "Sickmann, Lisa"]
[Black "Stehning, Toni"]
[Result "1-0"]
[WhiteElo "1946"]
[BlackElo "1817"]
[PlyCount "44"]
[EventDate "2024.10.03"]
[EventType "team-swiss"]
[EventRounds "7"]
[EventCountry "GER"]
[SourceTitle "CB47_2024"]
[SourceDate "2024.11.20"]
[SourceVersion "1"]
[SourceVersionDate "2024.11.20"]
[SourceQuality "1"]

1. e4 e5 2. Nf3 Nc6 3. Bb5 a6 4. Ba4 Nf6 5. 0-0 Nxe4 6. d4 b5 7. Bb3 d5 8. dxe5 Be6 9. Be3 Be7 10. c3 0-0 11. Nbd2 Bg4 12. Bf4 Nxd2 13. Qxd2 Bxf3 14. gxf3 d4 15. Rad1 Bc5 16. Qc2 Qe7 17. Qe4 Na5 18. Bc2 f5 19. exf6 Qxe4 20. Bxe4 Rae8 21. b4 Rxf6 22. Bxc7 Rxe4 1-0